Diversification in agriculture (Record no. 103336)
[ view plain ]
| 000 -LEADER | |
|---|---|
| fixed length control field | 01331cam a2200229 4500 |
| 001 - CONTROL NUMBER | |
| control field | J125089 |
| 008 - FIXED-LENGTH DATA ELEMENTS--GENERAL INFORMATION | |
| fixed length control field | 111205n2004 000 0 eng u |
| 035 ## - SYSTEM CONTROL NUMBER | |
| System control number | (Sirsi) u125089 |
| 041 ## - LANGUAGE CODE | |
| Language code of text/sound track or separate title | eng |
| 050 ## - LIBRARY OF CONGRESS CALL NUMBER | |
| Classification number | 630.1 |
| -- | 18 |
| 110 ## - MAIN ENTRY--CORPORATE NAME | |
| Corporate name or jurisdiction name as entry element | DEFRA |
| 245 ## - TITLE STATEMENT | |
| Title | Diversification in agriculture |
| 260 ## - PUBLICATION, DISTRIBUTION, ETC. | |
| Place of publication, distribution, etc. | London |
| Name of publisher, distributor, etc. | DEFRA |
| Date of publication, distribution, etc. | 2004 |
| 520 ## - SUMMARY, ETC. | |
| Summary, etc. | A statistical report collating information from various surveys on diversification. Explains the differences between them and examines the statistical definition of diversification. Sources included are the annual June "Agriculture and horticulture census", the "Farm business survey", the "Farm diversification benchmarking study" and the "Survey of personal incomes". Shows that diversification earnings in England exceeded £100 m for the first time and found that over half of full-time farmers have diversified and that average earnings in 2002/03 from diversification were £1 800 per farm, a rise of 30% on the previous year. View at statistics.defra.gov.uk. |
| 650 ## - SUBJECT ADDED ENTRY--TOPICAL TERM | |
| Topical term or geographic name entry element | RURAL DIVERSIFICATION |
| 650 ## - SUBJECT ADDED ENTRY--TOPICAL TERM | |
| Topical term or geographic name entry element | FARMS |
| 650 ## - SUBJECT ADDED ENTRY--TOPICAL TERM | |
| Topical term or geographic name entry element | FARM INCOME |
| 650 ## - SUBJECT ADDED ENTRY--TOPICAL TERM | |
| Topical term or geographic name entry element | ENGLAND |
| 690 ## - LOCAL SUBJECT ADDED ENTRY--TOPICAL TERM (OCLC, RLIN) | |
| Topical term or geographic name as entry element | RURAL-FARM BUSINESS MANAGEMENT |
| 856 ## - ELECTRONIC LOCATION AND ACCESS | |
| Uniform Resource Identifier | <a href="https://www.defra.gov.uk/statistics/files/defra-stats-fbs-diversification-agriculture.pdf">https://www.defra.gov.uk/statistics/files/defra-stats-fbs-diversification-agriculture.pdf</a> |
| Public note | View the report free of charge on the DEFRA website |
| 942 ## - ADDED ENTRY ELEMENTS (KOHA) | |
| Suppress in OPAC | 0 |
| Withdrawn status | Lost status | Source of classification or shelving scheme | Damaged status | Not for loan | Home library | Current library | Shelving location | Date acquired | Total Checkouts | Full call number | Barcode | Date last seen | Copy number | Price effective from | Koha item type |
|---|---|---|---|---|---|---|---|---|---|---|---|---|---|---|---|
| Dewey Decimal Classification | Virtual | Virtual | Online | 09/02/2004 | ONLINE PUBLICATION | 125089-2001 | 06/08/2019 | 1 | 06/08/2019 | Book |